| 000 | 00577nam a2200193Ia 4500 | ||
|---|---|---|---|
| 001 | 4182 | ||
| 003 | GE_BSU | ||
| 008 | 181216s||||||||xx |||||||||||||| ||und|| | ||
| 040 | _cGE_BSU | ||
| 080 | _a622.333 | ||
| 100 | _aЛоренц,В.И. | ||
| 245 | _aЭксплуатация промышленных очистных сооружениях. | ||
| 260 | _aКиев. | ||
| 260 | _bТехника. | ||
| 260 | _c1977. | ||
| 300 | _a184 стр. 22 см. | ||
| 653 | _aЭксплуатация промышленных очистных сооружениях. | ||
| 942 | _cBK | ||
| 999 |
_c38192 _d38192 |
||